Missing Word: Harry Potter A-Z Quiz Stats

 Plays Quiz Updated Jul 5, 2014

Support Sporcle.
Go Orange.
Score 0/26 Timer 04:00
0 Plays Today
Hint Answer % Correct
Diagon ____Alley
98.4%
Albus ____Dumbledore
97.5%
Neville ____Longbottom
95.3%
Rubeus ____Hagrid
92.9%
Dolores ____Umbridge
90.8%
____ World CupQuidditch
90.3%
____ KrumViktor
88.1%
Rita ____Skeeter
86.9%
____ TournamentTriwizard
86.4%
The Daily ____Prophet
83.9%
____'s HollowGodric
83.8%
____ KarkaroffIgor
82%
Vincent ____Crabbe
80.4%
Hint Answer % Correct
____ RavenclawRowena
80.4%
____ TonksNymphadora
80%
____ ShackleboltKingsley
80%
____ BallYule
79.2%
Mirror of ____Erised
77.2%
Flourish & ____Blotts
74.5%
____ GreybackFenrir
74%
Angelina ____Johnson
71.2%
St ____'s HospitalMungo
69%
____ LovegoodXenophilius
68.6%
____'s Joke ShopZonko
65%
Weasley's Wizard ____Wheezes
64.1%
____ MaximeOlympe
54%

Today's Daily Dose

You're not logged in!

Compare scores with friends on all Sporcle quizzes.
OR
Log In

From the Vault

The Hundred Million Quiz

by Derek

As we cross the 100 million play milestone, I find myself wondering how many of these were at work or school or at 3am in the morning.
Remove Ads.
Support Sporcle.
Get the best of Sporcle when you Go Orange. This ad-free experience offers more features, more stats, and more fun while also helping to support Sporcle. Thank you for becoming a member.

Show Comments

Extras

Top Quizzes Today


Score Distribution

Your Account Isn't Verified!

In order to create a playlist on Sporcle, you need to verify the email address you used during registration. Go to your Sporcle Settings to finish the process.

Report this User

Report this user for behavior that violates our Community Guidelines.

Details: